| 000 | 00993nac a22002531u 4500 | ||
|---|---|---|---|
| 010 | _a 2006934303 | ||
| 020 | _a9781412911801 | ||
| 020 | _a9781412911818 (pbk.) | ||
| 082 | 0 | 0 |
_a306.3 _bSAS |
| 090 |
_c8628 _d8628 |
||
| 100 | _aSassatelli, Roberta. | ||
| 245 | 1 | 0 |
_aConsumer culture : history, theory and politics / _bhistory, theory and politics / _cRoberta Sassatelli. |
| 260 |
_aLos Angeles : _bSAGE Publications,2007. _cc2007. |
||
| 300 |
_avi, 237 p. : _bill. ; _c25 cm. |
||
| 500 | _aDistributer: Bacca | ||
| 504 | _aIncludes bibliographical references and index. | ||
| 511 | _aCatalogued by: Sara | ||
| 650 | 0 | _aConsumption (Economics) | |
| 650 | 0 |
_aConsumers _xAttitudes. |
|
| 650 | 0 |
_aMarketing _xSocial aspects. |
|
| 856 | 4 | 1 |
_3Table of contents only _uhttp://www.loc.gov/catdir/toc/fy0714/2006934303.html |
| 942 |
_cBB _k306.3SAS |
||
| 999 |
_c8628 _d8628 |
||